Welcome to the Holygrace Academy Library

Please use search bar below to get started

HANDBOOK ON MANAGEMENT OF NON-PROFIT ORGANIZATIONS (Record no. 5407)

MARC details
000 -LEADER
fixed length control field 00493nam a22001457a 4500
020 ## - INTERNATIONAL STANDARD BOOK NUMBER
ISBN 1403922497
082 ## - DEWEY DECIMAL CLASSIFICATION NUMBER
Classification number 650
Item number JOH/H
100 ## - MAIN ENTRY--AUTHOR NAME
Personal name JOHN EASO
245 ## - TITLE STATEMENT
Title HANDBOOK ON MANAGEMENT OF NON-PROFIT ORGANIZATIONS
260 ## - PUBLICATION, DISTRIBUTION, ETC. (IMPRINT)
Place of publication DELHI
Name of publisher MACMILLAN INDIA
Year of publication 2004
300 ## - PHYSICAL DESCRIPTION
Number of Pages 228
520 ## - SUMMARY, ETC.
Summary, etc THIS BOOK EMPHASISES THAT CERTAIN MANAGEMENT PRACTICES CAN BE ADOPTED AND IMPLEMENTED BY NPO'S INORDER TO OPTIMIZE THE UTILIZATION OF RESOURCES.
650 ## - SUBJECT ADDED ENTRY--TOPICAL TERM
Topical Term RESOURCE PLANNING IN NPO
Geographic subdivision INDIA
942 ## - ADDED ENTRY ELEMENTS (KOHA)
Koha item type Books
Holdings
Withdrawn status Lost status Collection code Home library Current library Shelving location Date acquired Source of acquisition Cost, normal purchase price Full call number Accession Number Koha item type
    Non-fiction Main Library Main Library   24/10/2006 purchase 185.00 650 JOH/H 04200 Books